000 00532nam a2200205Ia 4500
001 58614
008 150525n ii |||gr||||Z||||||asm
020 _a81-7665-065-x
082 _a891.41109
245 0 _aKavitar Deh Bichar
_cNavakanta Baruah
_hTextual Documents
250 _aNew Rev Edn.
260 _aGuwahati
_bStudent`s Stores
300 _a160pg:
_c23cm.
653 _aAsaamese
653 _aAssamese Literature
653 _aDeptt-Assamese
653 _aMS-Assamese
700 _aBaruah,Navakanta.
942 _2ddc
_cBK
999 _c58505
_d58505